Principles of control systems : (Record no. 214747)

000 -LEADER
fixed length control field 01093 a2200193 4500
003 - CONTROL NUMBER IDENTIFIER
control field Nust
005 - DATE AND TIME OF LATEST TRANSACTION
control field 20230102121815.0
020 ## - INTERNATIONAL STANDARD BOOK NUMBER
International Standard Book Number 81-219-1778-6
040 ## - CATALOGING SOURCE
Transcribing agency Nust
082 ## - DEWEY DECIMAL CLASSIFICATION NUMBER
Classification number 629.8312,XAV
100 ## - MAIN ENTRY--PERSONAL NAME
Personal name Xavier, S.P.Eugene
9 (RLIN) 84664
245 ## - TITLE STATEMENT
Title Principles of control systems :
Remainder of title for B.E/B.tech. (all branches), AMIE,GATE,IES and competitive examinations /
Statement of responsibility, etc. S.P.Eugene Xavier and Joseph Cyril Babu ,J.
250 ## - EDITION STATEMENT
Edition statement 1st ed.
260 ## - PUBLICATION, DISTRIBUTION, ETC.
Place of publication, distribution, etc. New Delhi
Name of publisher, distributor, etc. S.Chand and company
Date of publication, distribution, etc. 1999.
300 ## - PHYSICAL DESCRIPTION
Extent 514p
505 ## - FORMATTED CONTENTS NOTE
Formatted contents note Introduction (Page-1), Mathematical tools for control systems analysis (Page-8), Mathematical models of physical systems (Page-61), Feedback chracteristics of control systems (Page-129), Components of control systems (Page-144), Time domain analysis of control systems (Page-188), Stability of control systems (Page-268), Root locus techniques (Page-294), Frequency domain analysis of control systems (Page-343), Design and compensation of control systems (Page-391), State variable analysis (Page-431).
650 ## - SUBJECT ADDED ENTRY--TOPICAL TERM
Topical term or geographic name entry element Principles of control systems
9 (RLIN) 106604
942 ## - ADDED ENTRY ELEMENTS (KOHA)
Source of classification or shelving scheme
Koha item type Book
Holdings
Withdrawn status Lost status Source of classification or shelving scheme Damaged status Not for loan Permanent Location Current Location Shelving location Date acquired Full call number Barcode Date last seen Price effective from Koha item type Public note
          Military College of Signals (MCS) Military College of Signals (MCS) General Stacks 12/12/2016 629.8312,XAV MCS27754 12/08/2016 12/12/2016 Book Almirah No.41, Shelf No.5
© 2023 Central Library, National University of Sciences and Technology. All Rights Reserved.